| 000 -CABECERA |
| Longitud fija campo de control |
00801nam a2200193 a 4500 |
| 001 - NÚMERO DE CONTROL |
| Número de control |
64 |
| 003 - IDENTIFICADOR DEL NÚMERO DE CONTROL |
| Identificador del número de control |
CDMR |
| 005 - FECHA Y HORA DE LA ÚLTIMA TRANSACCIÓN |
| Fecha y hora de la última transacción |
20131104175054.0 |
| 008 - CÓDIGOS DE INFORMACIÓN DE LONGITUD FIJA |
| Códigos de información de longitud fija |
130130s1981||||||||||||||||||||||||||||d |
| 040 ## - FUENTE DE LA CATALOGACIÓN |
| Centro catalogador de origen |
CDMR |
| Lengua de catalogación |
cat |
| Centro transcriptor |
CDMR |
| 111 2# - PUNTO DE ACCESO PRINCIPAL-NOMBRE DE CONGRESO |
| Nombre de congreso o jurisdicción como elemento de entrada |
Congreso Iberoamericano de periodismo científico |
| Sede del congreso |
México |
| Fecha del congreso |
1979 |
| Número del congreso o número de parte o sección de la obra |
3er |
| 9 (RLIN) |
67 |
| 245 10 - MENCIÓN DE TÍTULO |
| Título |
3er Congreso Iberoamericano de Periodismo Científico |
| Resto del título |
: memoria |
| Mención de responsabilidad, etc. |
[edición a cargo de Rebeca Bolok, Joaquín García Valle y Raúl _Guzmán] |
| 260 ## - PUBLICACIÓN, DISTRIBUCIÓN, ETC. (PIE DE IMPRENTA) |
| Lugar de publicación, distribución, etc. |
México |
| Fecha de publicación, distribución, etc. |
1981 |
| Nombre del editor, distribuidor, etc. |
Asociación Iberoamericana de Periodismo Científico |
| 300 ## - DESCRIPCIÓN FÍSICA |
| Extensión |
366 p. |
| 500 ## - NOTA GENERAL |
| Nota general |
Ponències del 3r Congreso Iberoamericano de Periodismo Científico, celebrat a la ciutat de Mèxic, a l'octubre de 1979 |
| 650 04 - PUNTO DE ACCESO ADICIONAL DE MATERIA - TÉRMINO DE MATERIA |
| 9 (RLIN) |
2804 |
| Término de materia o nombre geográfico como elemento inicial |
Periodisme científic |
| 650 04 - PUNTO DE ACCESO ADICIONAL DE MATERIA - TÉRMINO DE MATERIA |
| 9 (RLIN) |
3445 |
| Término de materia o nombre geográfico como elemento inicial |
Periodisme |
| Subdivisión de materia general |
Congressos |
| 942 ## - ENTRADA DE ELEMENTOS AGREGADOS (KOHA) |
| Koha [por defecto] tipo de item |
Monografies |
| Fuente de clasificaión o esquema |
|